000 01324cam a2200253 4500
001 ABS66372
008 030123n2003 000 0 eng u
035 _a(Sirsi) u121105
100 _aPartridge, C.
245 _aAdding up the Bill
260 _c2003
490 _aEstates Gazette
_v(0303) 18 January 2003, 118-119(2)
520 _aLooks at the Local Government Bill 2002, and highlights the relevant parts for surveyors. Part 3 outlines future arrangements for calculating grants from central government, including arrangements of payments and accounting; Part 4 deals with business improvement districts (BIDs); Part 5 sets out proposed changes in the rules relating to non-domestic rates; and Part 6 deals with changes to council tax. Discusses in detail the scope and implications of Part 5 and concludes that the reforms are extensive and should be studied in detail. View at www.publications.parliament.uk/.
590 _aABS
650 _aLOCAL GOVERNMENT BILL
650 _aFINANCE
650 _aGRANTS
650 _aBUSINESS IMPROVEMENT DISTRICTS
650 _aCOUNCIL TAX
650 _aNON-DOMESTIC RATES
690 _aLOCAL GOVERNMENT
856 _uhttps://www.publications.parliament.uk/pa/cm200203/cmbills/009/03009.i-viii.html
_zView the Bill on the UK parliament website...
942 _n0
999 _c71965
_d71965